Statistiques concernant Les noms de pays les plus longs

Cliquez ici pour prendre le quiz!

Statistiques générales

  • Ce quiz a été pris 432 fois
    (357 depuis la dernière actualisation)
  • Le résultat moyen est 21 sur 35

Statistiques - réponses

nombre de lettresPays% Correct
29République Démocratique du Congo
85%
23Papouasie-Nouvelle-Guinee
80%
27Saint-Vincent-et-les-Grenadines
78%
15Nouvelle-Zélande
76%
17République du Congo
75%
12Turkménistan
75%
12Afrique du Sud
74%
23Saint-Christophe-et-Nieves
72%
14Arabie Saoudite
71%
11Ouzbékistan
71%
21République Dominicaine
71%
24République Centrafricaine
69%
17République tchèque
66%
11Tadjikistan
66%
17Emirats Arabes Unis
64%
12Kirghizistan
64%
11Afghanistan
62%
15Trinité-et-Tobago
61%
16Antigua-et-Barbuda
60%
17Sao-Tomé-et-Principe
60%
11Corée du Nord
59%
17Guinée équatoriale
59%
11Soudan du Sud
57%
11Azerbaidjan
55%
17Bosnie-Herzégovine
54%
11Biélorussie
50%
12Guinée-Bissau
48%
11Sainte-Lucie
47%
13Liechtenstein
46%
13Timor Oriental
45%
12Iles Marshall
41%
11Philippines
39%
11Burkina Faso
34%
11Côte d'Ivoire
25%
11Sierra Leone
24%

Distribution des résultats

Percentile par nombre de réponses

% des personnes avec chaque résultat

Votre développement - résultats

Vous n’avez pas pris ce quiz depuis la dernière actualisation